Sprawozdanie z wymiany pracowników Slovenskeho Pamiatkoveho Ustavu w Bratysławie i członków Stowarzyszenia Historyków Sztuki
| Titel: | Sprawozdanie z wymiany pracowników Slovenskeho Pamiatkoveho Ustavu w Bratysławie i członków Stowarzyszenia Historyków Sztuki : (kwiecień-maj 1956) |
|---|---|
| In: |
Biuletyn historii sztuki, alle Artikel anzeigen |
| Veröffentlicht: | Warszawa : Państwowy Instytut Sztuki, 1956 |
| Format: | Aufsatz |
| Sprache: | Polnisch | Vorliegende Ausgabe: | Online-Ausgabe Heidelberg: Universitätsbibliothek Heidelberg, 2018. |
X
alg: 47276213 001A $06055:21-11-20 001B $01999:25-11-20 $t22:46:02.000 001D $06055:21-11-20 001U $0utf8 001X $00 002@ $0Oox 002C $aText $btxt $2rdacontent 002D $aComputermedien $bc $2rdamedia 002E $aOnline-Ressource $bcr $2rdacarrier 003@ $0472762133 004P $010.11588/diglit.41526.70 $SV98 004U $0urn:nbn:de:bsz:16-diglit-415265 $SV98 007A $0472762133 $aHEB 007I $0HHB-50769418X 007I $0HHB-157769418X 009Q $SV98 $uhttps://digi.ub.uni-heidelberg.de/diglit/bhs1956/0467 $xH 010@ $apol 011@ $a1956 011B $a2018 021A $aSprawozdanie z wymiany pracowników Slovenskeho Pamiatkoveho Ustavu w Bratysławie i członków Stowarzyszenia Historyków Sztuki $d(kwiecień-maj 1956) 033A $pWarszawa $nPaństwowy Instytut Sztuki 033N $pHeidelberg $nUniversitätsbibliothek Heidelberg 037A $aElektronische Reproduktion der Druckausgabe 037A $aEnthalten in: 18(1956), Seite 453-454 037G $aOnline-Ausgabe 039B $aEnthalten in $8--Obvc--. Biuletyn historii sztuki. - Warszawa : [Verlag nicht ermittelbar], 1950-2018. - DOI 10.11588/diglit.34474. - urn:nbn:de:bsz:16-diglit-344741 $9403709342 045T $aKUNST $qDE-16 $2FID lok: 47276213 3 exp: 47276213 3 1 #EPN 201B/01 $024-11-20 $t22:48:59.094 201C/01 $024-11-20 201U/01 $0utf8 203@/01 $01131219627 204P/01 $010.11588/diglit.41526.70 $SV98 208@/01 $a24-11-20 $bl lok: 47276213 78 exp: 47276213 78 1 #EPN 201B/01 $015-07-25 $t12:28:13.000 201C/01 $015-07-25 201U/01 $0utf8 203@/01 $01313938769 208@/01 $a15-07-25 $be 209A/01 $a/ $f000 $x00 209A/01 $ab*p $x01 220C/01 $aeja 244Z/01 $#Slowakei $#Slowakei $#Slowakei $#Slowakische Republik (1938-1945) $#Slowakische Republik $#Oberungarn $#Slovensko $#Slovenská Republika $#Slovenská SR $#SSR $#Slovakia $#Slovaquie $#Slovak Republic $#République Slovaque $#Slovenská Socialistická Republika $#Slowakische Sozialistische Republik $#Slovak Socialist Republic $#République Socialiste Slovaque $74055297-4 $8--Tg1--Slowakei $x16 $9085153834 247C/01 $82080>Marburg/Lahn, Herder-Institut, Forschungsbibliothek, Bibliographieportal $9336309341
| LEADER | 00000caa a22000002c 4500 | ||
|---|---|---|---|
| 001 | 472762133 | ||
| 003 | DE-603 | ||
| 005 | 20201125224602.0 | ||
| 007 | cr|||||||||||| | ||
| 008 | 201121s1956 xx |||| o| u00||u|pol c | ||
| 024 | 7 | |a 10.11588/diglit.41526.70 |2 doi | |
| 024 | 7 | |a urn:nbn:de:bsz:16-diglit-415265 |2 urn | |
| 035 | |a (DE-599)HEB472762133 | ||
| 040 | |a DE-603 |b ger |c DE-603 |d DE-603 | ||
| 041 | |a pol | ||
| 084 | |a KUNST |q DE-16 |2 fid | ||
| 245 | 0 | 0 | |a Sprawozdanie z wymiany pracowników Slovenskeho Pamiatkoveho Ustavu w Bratysławie i członków Stowarzyszenia Historyków Sztuki |b (kwiecień-maj 1956) |
| 264 | 1 | |a Warszawa |b Państwowy Instytut Sztuki |c 1956 | |
| 336 | |a Text |b txt |2 rdacontent | ||
| 337 | |a Computermedien |b c |2 rdamedia | ||
| 338 | |a Online-Ressource |b cr |2 rdacarrier | ||
| 500 | |a Elektronische Reproduktion der Druckausgabe | ||
| 500 | |a Enthalten in: 18(1956), Seite 453-454 | ||
| 530 | |a Online-Ausgabe | ||
| 533 | |b Heidelberg |c Universitätsbibliothek Heidelberg |d 2018 |7 s2018uuuuxx u| | ||
| 773 | 0 | 8 | |i Enthalten in |t Biuletyn historii sztuki |d Warszawa : [Verlag nicht ermittelbar], 1950-2018 |o 10.11588/diglit.34474 |o urn:nbn:de:bsz:16-diglit-344741 |w (DE-603)403709342 |w (DE-600)2895336-8 |
| 856 | |u https://digi.ub.uni-heidelberg.de/diglit/bhs1956/0467 |x Verlag | ||
| 924 | 1 | |9 603 |a (DE-603)1131219627 |b DE-603 |c HES |d d | |
| 924 | 1 | |9 2080 |a (DE-603)1313938769 |b DE-2080 |c HES |d d |g / | |


